| 000 | 00543nam a2200181 i 4500 | ||
|---|---|---|---|
| 001 | 71156 | ||
| 003 | ES-MaACL | ||
| 005 | 20230906171036.0 | ||
| 007 | t| | ||
| 008 | 040806s1973 sp ||||1| spa d | ||
| 100 | 1 |
_aGaunt, William. _956017 |
|
| 245 | 1 | 4 |
_aLos impresionistas / _cWilliam Gaunt ; [traducción de José Mª Balil Giró]. |
| 250 | _a[1ª ed.]. | ||
| 260 |
_aBarcelona, etc. : _bLabor, _c[1973] |
||
| 300 |
_a298 p., 109 lám. ; _c32 cm. |
||
| 700 | 1 |
_aBalil Giró, José María. _924940 |
|
| 852 |
_aES-MaACL _jC-22327 _bR.87663 |
||
| 999 |
_c71156 _d71156 |
||